Langues Finno-Ougriennes - Carte quiz - Statistiques

Statistiques générales
  • Ce quiz a été pris 117 fois
  • Le résultat moyen est 8 sur 20
Réponses sur la Carte
Les réponses sont colorées sur une échelle allant du rouge au vert en fonction du pourcentage des utilisateurs qui les ont devinées à leur premier essai. Vous pouvez retrouver ces pourcentages ci-dessous.
 
Statistiques - réponses
Langues Nombre de locuteur % Correct
Finnois 6 100 000
100%
Hongrois 12 552 400
93%
Estonien 1 132 500
92%
Estonien
92%
Estonien
92%
Carélien 75 000
51%
Mari 509 090
31%
Mari
31%
Same de l'Ouest 32 020
29%
Same du Sud-Ouest 520
28%
Livonien 40
24%
Same de l'Est 952
24%
Oudmourte 339 800
19%
Komi 219 100
18%
Mansi 938
18%
Mokcha 2 030
17%
Khanty 23 500
15%
Erzya 96 860
14%
Ingrien 360
14%
Vepse 8 000
10%
Aucun quiz correspondant
Distribution des résultats
% des personnes avec chaque résultat
Percentile par nombre de réponses
Votre historique - résultats
Vous n’avez pas pris ce quiz